ბათუმის შოთა რუსთაველის სახელმწიფო უნივერსიტეტის ბიბლიოთეკა

სამართალი : (ბიბ.ჩანაწერი № 57656)

000 -ლიდერი
ფიქსირებული სიგრძის საკონტროლო ველი 01333nam a22002537a 4500
003 - საკონტროლო ნომრის იდენტიფიკატორი
საკონტროლო ველი Ge_BSU
005 - ბოლო ოპერაციის თარიღი და დრო
საკონტროლო ველი 20200901103012.0
008 - ფიქსირებული სიგრძის მონაცემთა ელემენტები - ზოგადი ინფორმაცია
ფიქსირებული სიგრძის საკონტროლო ველი 200901s2019 ge ||||| |||| 00| 0 geo d
020 ## - წიგნის საერთაშორისო სტანდარტული ნომერი
International Standard Book Number 9789941304873
041 ## - ენის კოდი
Language code of text/sound track or separate title geo
080 ## - უნივერსალური ათობითი კლასიფიკაციის ინდექსი
Universal Decimal Classification number 340.12 უ-24
100 ## - მთავარი ჩანაწერი - პიროვნების სახელი
Personal name უაქსი, რეიმონდ
9 (RLIN) 9346
245 ## - ცნობა სათაურის შესახებ
Title სამართალი :
Remainder of title ძალიან მოკლე შესავალი /
Statement of responsibility, etc რეიმონდ უაქსი ; მთარგმნ. ე. სუმბათაშვილი; რედ. ვ. მენაბდე, მ. სესკურია ; დიზაინერი ია მახათაძე.
250 ## - გამოცემის ცნობა
Edition statement მეორე გამოცემა
264 ## - წარმოების, გამოცემის, დისტრიბუციის და სხვა ცნობები
გამოცემის, წარმოების, დისტრიბუციის... ადგილი თბილისი :
გამოცემის, წარმოების, დისტრიბუციის... სახელწოდება ბაკურ სულაკაურის გამ-ბა,
გამოცემის, წარმოების, დისტრიბუციის... თარიღი 2019.
300 ## - ფიზიკური აღწერა
Extent 236 გვ.
Other physical details 17 სმ.
501 ## - შენიშვნა თანმხლებ მასალაზე
With note საძიებელი გვ. 225-235
653 ## - INDEX TERM--UNCONTROLLED
Uncontrolled term სამართალი
700 ## - ADDED ENTRY--PERSONAL NAME
Personal name სუმბათაშვილი, ე.
Relator term მთარგმნელი
9 (RLIN) 9347
700 ## - ADDED ENTRY--PERSONAL NAME
Personal name მენაბდე, ვ.
Relator term რედაქტორი
9 (RLIN) 9348
700 ## - ADDED ENTRY--PERSONAL NAME
Personal name სესკურია, მ.
Relator term რედაქტორი
9 (RLIN) 9349
700 ## - ADDED ENTRY--PERSONAL NAME
Personal name მახათაძე, ია
Relator term დიზაინერი
9 (RLIN) 5299
942 ## - ADDED ENTRY ELEMENTS (KOHA)
Source of classification or shelving scheme
Koha item type წიგნი
ეგზემპლარები
ჩამოწერის სტატუსი დაკარგული ეგზემპლარის სტატუსი კლასიფიკაციის წყარო ან თაროზე გაწყობის სქემა დაზიანების სტატუსი არ გაიცემა მუდმივი მდებარეობა (დაცვის ადგილი) ამჟამინდელი ადგილსამყოფელი თაროზე განთავსების ადგილი შეძენის თარიღი ღირებულება, შესყიდვის ნორმალური ფასი სრული შენახვის შიფრი შტრიხკოდი ბოლო ოპერაციის თარიღი ეგზემპლარის მიმდევრობითი ნომერი (კეტერი?) ფასის ძალაში შესვლის თარიღი ეგზემპლარის სახეობა საჯარო შენიშვნა
          ბათუმის შოთა რუსთაველის სახელმწიფო უნივერსიტეტის მთავარი ბიბლიოთეკა ბათუმის შოთა რუსთაველის სახელმწიფო უნივერსიტეტის მთავარი ბიბლიოთეკა წიგნსაცავი 2020-09-01 14.00 340.12 უ-24 60936 2020-09-01 60936 2020-09-01 წიგნი 14 ლ.